MARC details
| 000 -CABECERA |
| campo de control de longitud fija |
01336nam a22002657a 4500 |
| 003 - IDENTIFICADOR DEL NÚMERO DE CONTROL |
| campo de control |
DO-SdBNP |
| 005 - FECHA Y HORA DE LA ÚLTIMA TRANSACCIÓN |
| campo de control |
20240528134336.0 |
| 007 - CAMPO FIJO DE DESCRIPCIÓN FÍSICA--INFORMACIÓN GENERAL |
| campo de control de longitud fija |
ta |
| 008 - DATOS DE LONGITUD FIJA--INFORMACIÓN GENERAL |
| campo de control de longitud fija |
211115b2018 a|||e |||| 00| 0dspa d |
| 020 ## - NÚMERO INTERNACIONAL ESTÁNDAR DEL LIBRO |
| Número Internacional Estándar del Libro |
978994580525 |
| 040 ## - FUENTE DE LA CATALOGACIÓN |
| Centro catalogador/agencia de origen |
DO-SdBNP |
| Lengua de catalogación |
spa |
| Centro/agencia transcriptor |
BNPHU |
| 082 #4 - NÚMERO DE LA CLASIFICACIÓN DECIMAL DEWEY |
| Número de clasificación |
340.54 |
| Número de documento/Ítem |
T683m |
| Número de edición |
22 |
| 100 10 - ENTRADA PRINCIPAL--NOMBRE DE PERSONA |
| Nombre de persona |
Toribio Ventura, Martha |
| 9 (RLIN) |
80633 |
| 245 10 - MENCIÓN DE TÍTULO |
| Título |
Manual de derecho romano / |
| Mención de responsabilidad, etc. |
Martha Toribio Ventura ; editor, Lennys Tejada Betancourt |
| 300 ## - DESCRIPCIÓN FÍSICA |
| Extensión |
305 p. : |
| Otras características físicas |
il.; |
| Dimensiones |
27 cm |
| 490 0# - MENCIÓN DE SERIE |
| Mención de serie |
Autoaprendizaje ; |
| Designación de volumen o secuencia |
9 |
| 500 ## - NOTA GENERAL |
| Nota general |
Incluye bibliografía al final de los capítulos |
| 504 ## - NOTA DE BIBLIOGRAFÍA, ETC. |
| Nota de bibliografía, etc. |
Bibliografía: p. 319-320 |
| 505 ## - NOTA DE CONTENIDO CON FORMATO |
| Nota de contenido con formato |
Unidad I. Derecho Romano |
| Título |
Unidad II. Estructura constitucional de Roma. |
| -- |
Unidad III. Evolución histórica del Derecho Romano y sus fuentes. |
| -- |
Unidad IV. Derecho de las personas en Roma. |
| -- |
Unidad V. Derecho de la familia en el Derecho Romano. |
| -- |
Unidad VI. Las cosas y los derechos reales en Roma. |
| -- |
Unidad VII. Las obligaciones y los contratos en Roma. |
| -- |
Unidad VIII. Derecho de las sucesiones en Roma. |
| -- |
Unidad IX. La acción en justicia y el Derecho Procesal Penal. |
| -- |
Bibliografía general -- |
| 590 ## - NOTA LOCAL (RLIN) |
| Nota local |
Inventariado, 2021 / SA |
| 650 #0 - PUNTO DE ACCESO ADICIONAL DE MATERIA--TÉRMINO DE MATERIA |
| Término de materia o nombre geográfico como elemento de entrada |
Derecho romano |
| 9 (RLIN) |
1818 |
| 700 1# - PUNTO DE ACCESO ADICIONAL--NOMBRE DE PERSONA |
| Nombre de persona |
Tejada Betancourt, Lennys |
| Término indicativo de función/relación |
editor |
| 9 (RLIN) |
79591 |
| 910 ## - DATOS DE OPCIÓN DEL USUARIO (OCLC) |
| Datos de opción del usuario |
Saquino/Validado. Control de calidad MFF |
| 942 ## - ELEMENTOS DE PUNTO DE ACCESO ADICIONAL (KOHA) |
| Fuente del sistema de clasificación o colocación |
Dewey Decimal Classification |
| Tipo de ítem Koha |
Libro |